Marianela /

Guardado en:
Autor Principal: Pérez Galdos, Benito
Formato: Libro
Publicado: Buenos Aires : Kapelusz, 1965
Edición:4a. ed.
Materias:
Etiquetas: Agregar Etiqueta
Sin Etiquetas, Sea el primero en etiquetar este registro!
LEADER 00657nam a22002175a 4500
001 CEM.cems005191
005 20060220000000.0
008 130507s1965##################000#0#####d
003 CEMS
082 0 4 |a 863.5 
100 1 |a Pérez Galdos, Benito 
245 1 0 |a Marianela / 
250 |a 4a. ed. 
260 |a Buenos Aires :  |b Kapelusz,  |c 1965 
300 |a 111 p. 
653 |a Literatura 
653 |a Novela española-siglo 19 
653 |a Novelas 
859 |a CEMS  |b BIB. CEMS - 11 de abril  |h 863.5  |i P415a4  |p 10174.81  |t Ej.3 
859 |a CEMS  |b BIB. CEMS - 11 de abril  |h 863.5  |i P415a4  |p 4460.75  |t Ej.2 
859 |a CEMS  |b BIB. CEMS - 11 de abril  |h 863.5  |i P415a4  |p 4461.75  |t Ej.1